Wards of Westminster (City), London - Statistics

General Stats
  • This quiz has been taken 12 times
  • The average score is 5 of 20
Answer Stats
Answer % Correct
Bayswater
44%
Hyde Park
44%
St James's
44%
West End
44%
Harrow Road
33%
Maida Vale
33%
Queen's Park
33%
Regent's Park
33%
Knightsbridge and Belgravia
22%
Lancaster Gate
22%
Little Venice
22%
Vincent Square
22%
Westbourne
22%
Abbey Road
11%
Bryanston and Dorset Square
11%
Churchill
11%
Marylebone High Street
11%
Tachbrook
11%
Warwick
11%
Church Street
0%
No matching quizzes found
Score Distribution
Percent of People with Each Score
Percentile by Number Answered
Your Score History
You have not taken this quiz